Регулювання банківської та інвестиційної діяльності в Україні. Законодавчі та нормативні акти (Record no. 307571)
[ view plain ]
| 000 -Лідер | |
|---|---|
| fixed length control field | 00827nam a22002537a 4500 |
| 003 - Ідентифікатор контрольного номера | |
| control field | UA-OsUOA |
| 001 - Контрольний номер | |
| control field | 21376 |
| 007 - Фіксоване поле фізичного опису | |
| fixed length control field | ta |
| 008 - Елементи даних фіксованої довжини – загальна інформація | |
| fixed length control field | 20031201b un ||||| |||| 00| 0 ukr d |
| 090 ## - Локальний шифр розміщення | |
| Класифікаційний індекс УДК | 336.717 |
| Авторський знак (НП) | П68 |
| 040 ## - Джерело каталогізації | |
| Агенція оригінальної каталогізації | UA-OsUOA |
| Мова каталогізації | ukr |
| Агенція, яка здійснювала перезапис | UA-OsUOA |
| Агенція, яка здійснювала модифікацію | UA-OsUOA |
| 041 ## - Код мови | |
| Код мови тексту/ звукової доріжки чи окремого заголовка (П) | ukr |
| 080 ## - Індекс Універсальної десяткової класифікації | |
| Індекс Універсальної десяткової класифікації (УДК) (НП) | 336.717 |
| 020 ## - Міжнародний стандартний книжковий номер (ISBN) | |
| Міжнародний стандартний книжковий номер (ISBN) (НП) | 5-12-003474-8 |
| 044 ## - Код країни видавця/ виробника | |
| Код країни видавця/ виробника (П) | UA |
| 245 ## - Відомості про назву | |
| Назва (НП) | Регулювання банківської та інвестиційної діяльності в Україні. Законодавчі та нормативні акти |
| Решта назви (НП) | Правові питання діяльності з цінними паперами (частина ІІІ) |
| 260 ## - Публікація, розповсюдження і т.п. (Вихідні дані) | |
| Місце публікації, розповсюдження і т.п. (П) | Київ |
| Ім’я/ наймення видавництва, розповсюджувача і т.п. (П) | Манускрипт |
| Дата публікації, розповсюдження і т.п. (П) | 1995 |
| 246 31 - Інша форма назви | |
| Назва (НП) | Вип. 6-3 |
| Номер частини/ розділ роботи (П) | |
| 300 ## - Фізичний опис | |
| Обсяг | 160 с. |
| 650 #7 - Додаткове предметне введення – тематичний термін | |
| Джерело заголовка чи терміна | UDC |
| 942 ## - Додаткові елементи входу (Коха) | |
| Тип елемента Koha | Books |
| 955 ## - Код типу видання за змістом | |
| Код типу видання за змістом (НП) | інше |
| Стан вилучень | Стан втрат | Джерело класифікації або схеми стелажів | Стан уражень | Не для кредиту | Постійне місце розташування | Поточне розміщення | Дата придбання | Вартість, звичайна ціна покупки | Інвентарний номер | Усього замовленно | Повний номер виклику | Штрих-код | Дата останнього перегляду | Ціна ефективна від | Тип елемента Koha |
|---|---|---|---|---|---|---|---|---|---|---|---|---|---|---|---|
| Universal Decimal Classification | АБ - Абонемент НБ | АБ - Абонемент НБ | 21/01/2005 | 35.15 | 38711 | 336.717 П68 | 38711 | 10/06/2022 | 01/12/2003 | Books | |||||
| Universal Decimal Classification | АБ - Абонемент НБ | АБ - Абонемент НБ | 21/01/2005 | 35.15 | 38712 | 336.717 П68 | 38712 | 10/06/2022 | 01/12/2003 | Books | |||||
| Universal Decimal Classification | АБ - Абонемент НБ | АБ - Абонемент НБ | 21/01/2005 | 35.15 | 38713 | 336.717 П68 | 38713 | 10/06/2022 | 01/12/2003 | Books | |||||
| Universal Decimal Classification | АБ - Абонемент НБ | АБ - Абонемент НБ | 21/01/2005 | 35.15 | 38714 | 336.717 П68 | 38714 | 10/06/2022 | 01/12/2003 | Books | |||||
| Universal Decimal Classification | ЧЗ - Читальна зала | ЧЗ - Читальна зала | 01/12/2003 | 35.15 | 65903 | 336.717 П68 | 65903 | 07/02/2022 | 01/12/2003 | Books | |||||
| Universal Decimal Classification | ЧЗ - Читальна зала | ЧЗ - Читальна зала | 01/12/2003 | 35.15 | 65904 | 336.717 П68 | 65904 | 07/02/2022 | 01/12/2003 | Books | |||||
| Universal Decimal Classification | ЧЗ - Читальна зала | ЧЗ - Читальна зала | 01/12/2003 | 35.15 | 65905 | 336.717 П68 | 65905 | 07/02/2022 | 01/12/2003 | Books | |||||
| Universal Decimal Classification | ЧЗ - Читальна зала | ЧЗ - Читальна зала | 01/12/2003 | 3.00 | 65906 | 336.717 П68 | 65906 | 07/02/2022 | 01/12/2003 | Books |